000 00293nam a2200133Ia 4500
008 230917s9999||||xx |||||||||||||| ||und||
040 _e148312
_aMAIN
041 _aEnglish
082 _a350.1 J199S
100 _aJain
245 0 _aSewavargiya Parshasan
300 _a408p p.
942 _cBK
999 _c199405
_d199405